| 000 | 00453nam a2200181Ia 4500 | ||
|---|---|---|---|
| 003 | GCL | ||
| 008 | 140319s9999 xx 000 0 eng d | ||
| 040 |
_aGCL / _cGCL |
||
| 082 | 0 | 4 |
_a796.64071 _bW L |
| 100 | 1 | _aWALKER, KEVIN | |
| 245 | 1 | 0 |
_aLEARN ROCK CLIMBING IN A WEEKEND / _cWALKER, KEVIN |
| 260 |
_a[S.N] : _bDORLING KINDERSLEY ، _c1993 |
||
| 300 | _a95 PP | ||
| 650 | 0 | 4 | _aCLIMBING |
| 650 | 0 | 4 | _aMOUNTAINS |
| 650 | 0 | 4 | _aROCK |
| 942 |
_2ddc _cBK |
||
| 999 |
_c18891 _d18891 |
||